Impresión y escaneo 3D : el futuro de la manufactura /

Contiene: 1) Acerca el autor; 2) Introducción; 3) Modelo 3D; 4) Modelado por deposición fundida (FDM); 5) Introducción a la deposición de metal por láser; 6) Escaneo 3D; 7) Creación de anuncios o logotipos 3D a partir de una imagen 2D.

Guardat en:
Dades bibliogràfiques
Autor principal: Márquez Martínez, Pedro (autor)
Format: Llibre
Idioma:espanyol
Publicat: Coppell, EUA : edición de autor, 2025, c2025
Matèries:
Etiquetes: Afegir etiqueta
Sense etiquetes, Sigues el primer a etiquetar aquest registre!

MARC

LEADER 00000nam^a2200000^a^4500
001 000594255
005 20250521000000.0
009 20260310133024.145
020 |a 9798777357700 
037 |a Acervo ITESO - Biblioteca 
041 |a ESP 
082 |a 006. 693  |b MAR 
100 |a Márquez Martínez, Pedro  |e (autor) 
245 1 0 |a Impresión y escaneo 3D :  |b el futuro de la manufactura /  |c P. Márquez Martínez. 
264 4 |a Coppell, EUA :  |b edición de autor,  |c 2025, c2025 
300 |a 218 p. 
336 |a texto  |b txt  |2 rdacontenido 
337 |a sin mediación  |b n  |2 rdamedio 
338 |a volumen  |b nc  |2 rdasoporte 
520 |a Contiene: 1) Acerca el autor; 2) Introducción; 3) Modelo 3D; 4) Modelado por deposición fundida (FDM); 5) Introducción a la deposición de metal por láser; 6) Escaneo 3D; 7) Creación de anuncios o logotipos 3D a partir de una imagen 2D. 
521 |a 2025 BO Licenciatura en Diseño 
649 |a XX 
650 |a Impresión 3D -  |x Tema Principal 
650 |a Impresión -  |x Técnica 
650 |a Tercera Dimensión 
650 |a Diseño Asistido por Computadora 
650 |a Diseño del Producto 
650 |a Proceso de Producción 
650 |a Ingeniería de Procesos 
650 |a Ingeniería Industrial 
650 |a Diseño Industrial -  |x Técnica 
650 |a Diseño -  |x Técnica 
910 |a Fondo General 
920 |a Impresos - Libros 
930 |a Colección General 
905 |a 101 
901 |a 594255-10  |b IT1  |c ACC  |i C189195  |u 20250521 
902 |a https://opac.biblio.iteso.mx/vufind/Record/000594255